Statistiques concernant Longueur des rames du tramway francilien - QCM

Cliquez ici pour prendre le quiz!

Statistiques générales

  • Ce quiz a été pris 7 fois
  • Le résultat moyen est 4 sur 15

Statistiques - réponses

QuestionRéponse% Correct
Tramway T4, ancien matériel (Siemens Avanto, branche Bondy - Aulnay-sous-Bois)37m
57%
Tramway T4, nouveau matériel (Citadis Dualis, branche Bondy - Hôpital de Montfermeil)42m
57%
Tramway T265m
57%
Tramway T129m
43%
Tramway T944m
43%
Tramway T524m
29%
Tramway T11 Express42m
29%
Futur tramway T12 Express42m
29%
Tramway T13 Express42m
29%
Futur tramway T1044m
29%
Tramway T3a44m
14%
Tramway T646m
14%
Tramway T732m
0%
Tramway T832m
0%
Tramway T3b44m
0%

Distribution des résultats

Percentile par nombre de réponses

% des personnes avec chaque résultat

Votre développement - résultats

Vous n’avez pas pris ce quiz